| 000 | 00482nam a22001697a 4500 | ||
|---|---|---|---|
| 003 | OSt | ||
| 005 | 20140310182331.0 | ||
| 008 | 130924t xxu||||| |||| 00| 0 eng d | ||
| 050 |
_aBS 551.2 _b.W916 1970 |
||
| 082 |
_aGS 232.901 _bW88 1970 |
||
| 100 |
_aWoolsey, Raymond H. _921438 |
||
| 245 |
_aThings Jesus did / _cRaymond H. Woolsey |
||
| 260 |
_aManila, Phils : _bPhlippine Publishing House, _cc1970. |
||
| 300 |
_a25 p. _bcol. : ill. ; |
||
| 942 |
_2lcc _cBK-GS |
||
| 999 |
_c11987 _d11987 |
||